Actopan (Record no. 1593)

MARC details
000 -CABECERA
campo de control de longitud fija 00861nam a2200229 a 4500
001 - NÚMERO DE CONTROL
campo de control BRCA_1812
005 - FECHA Y HORA DE LA ÚLTIMA TRANSACCIÓN
campo de control 20190320203547.0
008 - DATOS DE LONGITUD FIJA--INFORMACIÓN GENERAL
campo de control de longitud fija 810211s1955 mx-a---###---#001-0dspa-#
050 #4 - SIGNATURA TOPOGRÁFICA DE LA BIBLIOTECA DEL CONGRESO
Número de clasificación NA5257.A2
Número de documento/Ítem .M33 1955
100 1# - ENTRADA PRINCIPAL--NOMBRE DE PERSONA
Nombre de persona Mac Gregor, Luis
9 (RLIN) 5641
245 10 - MENCIÓN DE TÍTULO
Título Actopan
Mención de responsabilidad, etc. por Luis Mac Gregor.
260 ## - PUBLICACIÓN, DISTRIBUCIÓN, ETC.
Lugar de publicación, distribución, etc. México
Nombre del editor, distribuidor, etc. INAH : SEP
Fecha de publicación, distribución, etc. 1955
300 ## - DESCRIPCIÓN FÍSICA
Extensión xiii, 211 p.
Otras características físicas il., mapas, planos, fotos
Dimensiones 32 cm.
440 #0 - MENCIÓN DE SERIE/PUNTO DE ACCESO ADICIONAL--TÍTULO
Título Memorias del Instituto Nacional de Antropología e Historia
Designación de volumen o secuencia 4
9 (RLIN) 5642
500 ## - NOTA GENERAL
Nota general Incluye índice onomástico e índice de ilustraciones
500 ## - NOTA GENERAL
Nota general Colección Sonia Corcuera de Mancera
504 ## - NOTA DE BIBLIOGRAFÍA, ETC.
Nota de bibliografía, etc. Bibliografía: p. [xi]-xiii
610 24 - PUNTO DE ACCESO ADICIONAL DE MATERIA--NOMBRE DE ENTIDAD CORPORATIVA
Nombre de entidad corporativa o nombre de jurisdicción como elemento de entrada Actopan (México)
Unidad subordinada San Nicolás de Tolentino (Augustinian monastery)
9 (RLIN) 5643
610 24 - PUNTO DE ACCESO ADICIONAL DE MATERIA--NOMBRE DE ENTIDAD CORPORATIVA
Nombre de entidad corporativa o nombre de jurisdicción como elemento de entrada Actopan (México)
Unidad subordinada San Nicolás de Tolentino (Monasterio Agustino)
9 (RLIN) 5644
902 ## - CATALOGADOR
Iniciales DSC
942 ## - ELEMENTOS DE PUNTO DE ACCESO ADICIONAL (KOHA)
Fuente del sistema de clasificación o colocación Library of Congress Classification
Tipo de ítem Koha Libros
Holdings
Estado de retiro Estado de pérdida Estado dañado No para préstamo Localización permanente Ubicación/localización actual Fecha de adquisición Total de préstamos Signatura topográfica completa Código de barras Fecha visto por última vez Precio válido a partir de Tipo de ítem Koha
El ejemplar forma parte de la colección y puede ser consultado según las políticas vigentes.       Biblioteca del Museo Franz Mayer (Rogerio Casas-Alatriste) Biblioteca del Museo Franz Mayer (Rogerio Casas-Alatriste) 27/06/2008   NA5257.A2 .M33 1955 DSC00057 22/03/2019 22/03/2019 Libros